Agricultural machinery and implements in Japan (Record no. 374373)

000 -LEADER
fixed length control field 00457cam a22001337a 4500
008 - FIXED-LENGTH DATA ELEMENTS--GENERAL INFORMATION
fixed length control field 180718b1959 xxu||||| |||| 00| 0 eng d
082 ## - DEWEY DECIMAL CLASSIFICATION NUMBER
Classification number Zx52 Ag85/10
100 ## - MAIN ENTRY--PERSONAL NAME
Personal name Mukumoto, Tsutomu
245 ## - TITLE STATEMENT
Title Agricultural machinery and implements in Japan
Statement of responsibility, etc. by Tsutomu Mukumoto
260 ## - PUBLICATION, DISTRIBUTION, ETC.
Place of publication, distribution, etc. Tokyo
Name of publisher, distributor, etc. Agriculture, Forestry and Fisheries Productivity Conference
Date of publication, distribution, etc. 1959
300 ## - PHYSICAL DESCRIPTION
Extent 76p.
440 ## - SERIES STATEMENT/ADDED ENTRY--TITLE
Title Agricultural Development Series, 10
650 ## - SUBJECT ADDED ENTRY--TOPICAL TERM
Topical term or geographic name entry element Farm Machinery - Japan
Holdings
Withdrawn status Lost status Damaged status Not for loan Permanent Location Current Location Date acquired Full call number Barcode Date last seen Price effective from Koha item type
        Indian Institute of Public Administration Indian Institute of Public Administration 1994-06-27 Zx52 Ag85/10 28957 2018-07-21 2018-07-21 Book

Powered by Koha